Komentár k Zákonníku práce

Predchádzanie škodám. Zodpovednosť zamestnanca za škodu, za schodok na zverených hodnotách, ktoré je zamestnanec povinný vyúčtovať, za stratu zverených predmetov. Zodpovednosť zamestnávateľa za škodu, za škodu pri pracovnom úraze a pri chorobe z povolania, zbavenie zodpovednosti zamestnávateľa za šk...

Descripción completa

Guardado en:
Detalles Bibliográficos
Autor principal: Rybárová, Mária
Otros Autores: Vojnárová, Anna, Mačuha, Miroslav
Formato: Capítulo de libro
Lenguaje:eslovaco
Materias:
Etiquetas: Agregar Etiqueta
Sin Etiquetas, Sea el primero en etiquetar este registro!

MARC

LEADER 00000naa$a2200000$$$4500
001 0026246
005 20231106071316.4
041 0 |a slo 
044 |a SK 
245 1 0 |a Komentár k Zákonníku práce  |c Mária Rybárová, Anna Vojnarová, Miroslav Mačuha 
520 |a Predchádzanie škodám. Zodpovednosť zamestnanca za škodu, za schodok na zverených hodnotách, ktoré je zamestnanec povinný vyúčtovať, za stratu zverených predmetov. Zodpovednosť zamestnávateľa za škodu, za škodu pri pracovnom úraze a pri chorobe z povolania, zbavenie zodpovednosti zamestnávateľa za škodu. Bezdôvodné obohatenie. 8. časť Zákonníka práce s komentárom. 
610 2 0 |a zákonník práce 
610 2 0 |a škody 
610 2 0 |a náhrada škody 
610 2 0 |a zamestnanci 
610 2 0 |a zamestnávatelia 
100 1 |a Rybárová, Mária 
700 1 |a Vojnárová, Anna 
700 1 |a Mačuha, Miroslav